[Event "22nd OIBM 2018"]
[Site "Gmund am Tegernsee"]
[Date "2018.11.04"]
[Round "9"]
[White "Oberhofer, Cedric"]
[Black "Miller, Eduard"]
[Result "1/2-1/2"]
[WhiteElo "2213"]
[BlackElo "2383"]
[Annotator "NA"]
[PlyCount "59"]
[EventDate "2018.10.27"]
[EventType "swiss"]
[EventCountry "GER"]
[SourceTitle "playchess.com"]
[Source "ChessBase"]
[SourceQuality "1"]

1. e4 e5 2. Nf3 Nc6 3. Bb5 Nf6 4. d3 Bc5 5. Bxc6 dxc6 6. O-O Qe7 7. Nbd2 Bg4 8. h3 Bh5 9. a4 a5 10. Re1 Nd7 11. Nf1 Qf6 12. N1h2 Nf8 13. Be3 Bd6 14. d4 Ne6 15. Qd2 exd4 16. Bxd4 Bxh2+ 17. Kxh2 Nxd4 18. Qxd4 Qf4+ 19. Kg1 Bxf3 20. gxf3 Qg5+ 21. Kh1 Rd8 22. Qe3 Qxe3 23. Rxe3 Rd2 24. Rb3 b6 25. Rc3 c5 26. Kg2 Ke7 27. f4 Rhd8 28. Re1 Rd1 29. Rxd1 Rxd1 30. b3 1/2-1/2

[Event "22nd OIBM 2018"]
[Site "Gmund am Tegernsee"]
[Date "2018.11.04"]
[Round "9"]
[White "Sieglen, Joachim"]
[Black "Fier, Alexandr"]
[Result "0-1"]
[WhiteElo "2210"]
[BlackElo "2558"]
[Annotator "TA"]
[PlyCount "60"]
[EventDate "2018.10.27"]
[EventType "swiss"]
[EventCountry "GER"]
[SourceTitle "playchess.com"]
[Source "ChessBase"]
[SourceQuality "1"]

1. d4 Nf6 2. c4 e6 3. g3 c5 4. d5 exd5 5. cxd5 d6 6. Nc3 g6 7. Bg2 Bg7 8. Nf3 O-O 9. O-O Re8 10. a4 a6 11. Nd2 Nbd7 12. Rb1 Ne5 13. b4 c4 14. Bb2 Bf5 15. Ra1 Qc8 16. a5 Bh3 17. Nde4 Bxg2 18. Kxg2 Nxe4 19. Nxe4 c3 20. Bxc3 Qc4 21. Qd4 Qxe2 22. Rfe1 Qf3+ 23. Kg1 Rad8 24. Re3 Qh5 25. Kg2 f5 26. Nd2 Re7 27. Nf1 f4 28. Qxf4 Bh6 29. Qf6 Bg5 30. Rxe5 Rxe5 0-1

[Event "22nd OIBM 2018"]
[Site "Gmund am Tegernsee"]
[Date "2018.11.04"]
[Round "9"]
[White "Kutzner, Stephen"]
[Black "Kick, Joachim"]
[Result "1/2-1/2"]
[WhiteElo "2205"]
[BlackElo "2070"]
[Annotator "NA"]
[PlyCount "64"]
[EventDate "2018.10.27"]
[EventType "swiss"]
[EventCountry "GER"]
[SourceTitle "playchess.com"]
[Source "ChessBase"]
[SourceQuality "1"]

1. e4 e5 2. Nf3 Nc6 3. Bb5 a6 4. Ba4 Nf6 5. O-O Be7 6. Re1 b5 7. Bb3 O-O 8. h3 Bb7 9. d3 d5 10. exd5 Nxd5 11. Nxe5 Nxe5 12. Rxe5 Qd6 13. Re1 Rae8 14. Nd2 c5 15. Ne4 Qc6 16. c4 Nb6 17. cxb5 axb5 18. a4 bxa4 19. Bxa4 Nxa4 20. Qxa4 Qd5 21. Qa2 Qxd3 22. Nc3 Bf6 23. Be3 Bxc3 24. bxc3 Qg6 25. f3 Bxf3 26. Qf2 Bd5 27. Bxc5 Rxe1+ 28. Rxe1 Rc8 29. Bd4 h6 30. Kh2 Ra8 31. Re2 Kh7 32. Qg3 Ra2 1/2-1/2

[Event "22nd OIBM 2018"]
[Site "Gmund am Tegernsee"]
[Date "2018.11.04"]
[Round "9"]
[White "Leeb, Simon"]
[Black "Boehm, Uwe"]
[Result "1-0"]
[WhiteElo "2203"]
[BlackElo "2065"]
[Annotator "NA"]
[PlyCount "83"]
[EventDate "2018.10.27"]
[EventType "swiss"]
[EventCountry "GER"]
[SourceTitle "playchess.com"]
[Source "ChessBase"]
[SourceQuality "1"]

1. d4 d5 2. c4 e6 3. Nc3 Nf6 4. cxd5 exd5 5. Bg5 Be7 6. Qc2 c6 7. e3 h6 8. Bh4 Nh5 9. Bxe7 Qxe7 10. Nxd5 Qd8 11. Nc3 O-O 12. Be2 Nf6 13. Bf3 Re8 14. Nge2 Nbd7 15. O-O Nf8 16. Nf4 N8h7 17. Rad1 g5 18. Nh5 Nxh5 19. Bxh5 Nf6 20. Bf3 g4 21. Be2 Qa5 22. Bc4 Qh5 23. Ne2 Re7 24. d5 Bf5 25. Qc1 Rae8 26. dxc6 bxc6 27. Rd6 Ne4 28. Rxc6 Qg5 29. Ng3 Nxg3 30. hxg3 Be4 31. Rd6 h5 32. Qc3 Re5 33. Rd7 Bg6 34. Qd4 Re4 35. Qd5 R4e5 36. Qd6 Kg7 37. Qd4 h4 38. f4 gxf3 39. Rxf3 hxg3 40. Bxf7 Rc8 41. Bxg6+ Kxg6 42. Qd6+ 1-0

[Event "22nd OIBM 2018"]
[Site "Gmund am Tegernsee"]
[Date "2018.11.04"]
[Round "9"]
[White "Goldbeck, Lars"]
[Black "Dumjahn, Carsten"]
[Result "1-0"]
[WhiteElo "2184"]
[BlackElo "2052"]
[Annotator "NA"]
[PlyCount "85"]
[EventDate "2018.10.27"]
[EventType "swiss"]
[EventCountry "GER"]
[SourceTitle "playchess.com"]
[Source "ChessBase"]
[SourceQuality "1"]

1. d4 d5 2. c4 c6 3. Nf3 Nf6 4. Qc2 g6 5. Bf4 Bf5 6. Qb3 Qb6 7. c5 Qxb3 8. axb3 Bg7 9. e3 O-O 10. Nc3 Nbd7 11. h3 Rfe8 12. Ne5 Nxe5 13. Bxe5 Nd7 14. Bxg7 Kxg7 15. f4 f6 16. g4 Bc2 17. b4 e5 18. dxe5 fxe5 19. Kd2 Be4 20. Nxe4 dxe4 21. Bc4 exf4 22. exf4 e3+ 23. Kc3 Nf6 24. Rhe1 Ne4+ 25. Kc2 Nf2 26. Ra3 Re4 27. Bf1 Rxb4 28. Raxe3 Rf8 29. Re7+ Rf7 30. b3 Rbxf4 31. Bc4 Rxe7 32. Rxe7+ Kf6 33. Rxb7 h5 34. gxh5 gxh5 35. Rc7 Ke5 36. Rxc6 Ne4 37. Re6+ Kd4 38. c6 Rf2+ 39. Kd1 Nc3+ 40. Ke1 Rf7 41. Rd6+ Kc5 42. Rd7 Rf8 43. c7 1-0

[Event "22nd OIBM 2018"]
[Site "Gmund am Tegernsee"]
[Date "2018.11.04"]
[Round "9"]
[White "Schneider, Jana"]
[Black "Ciak, Rene"]
[Result "1-0"]
[WhiteElo "2174"]
[BlackElo "2010"]
[Annotator "NA"]
[PlyCount "55"]
[EventDate "2018.10.27"]
[EventType "swiss"]
[EventCountry "GER"]
[SourceTitle "playchess.com"]
[Source "ChessBase"]
[SourceQuality "1"]

1. e4 c5 2. Nf3 Nc6 3. d4 cxd4 4. Nxd4 Qb6 5. Nb3 Nf6 6. Nc3 e6 7. Be3 Qc7 8. f4 d6 9. Be2 a6 10. a4 b6 11. O-O Be7 12. Bf3 Bb7 13. Qe2 O-O 14. Rad1 Rac8 15. Nd4 Nd7 16. Nxc6 Qxc6 17. e5 d5 18. Kh1 Bb4 19. Bd4 Rfe8 20. f5 Bf8 21. f6 g6 22. h4 Qc4 23. Qe3 Qb4 24. h5 Rc4 25. hxg6 hxg6 26. Be2 Qxb2 27. Bxc4 dxc4 28. Qh3 1-0

[Event "22nd OIBM 2018"]
[Site "Gmund am Tegernsee"]
[Date "2018.11.04"]
[Round "9"]
[White "Ammon, Tobias"]
[Black "Wolf, Pablo"]
[Result "1/2-1/2"]
[WhiteElo "2165"]
[BlackElo "1983"]
[Annotator "NA"]
[PlyCount "97"]
[EventDate "2018.10.27"]
[EventType "swiss"]
[EventCountry "GER"]
[SourceTitle "playchess.com"]
[Source "ChessBase"]
[SourceQuality "1"]

1. e4 c5 2. Nf3 d6 3. Bb5+ Bd7 4. Bxd7+ Nxd7 5. O-O Ngf6 6. Qe2 e6 7. b3 Be7 8. Bb2 O-O 9. c4 Re8 10. d4 Nf8 11. dxc5 dxc5 12. e5 N6d7 13. Nc3 Qc7 14. Nb5 Qc6 15. Rad1 Ng6 16. g3 a6 17. Nd6 Red8 18. Qe4 Qxe4 19. Nxe4 b5 20. Rd2 Nb6 21. Rxd8+ Rxd8 22. Nfd2 Kf8 23. Rc1 f5 24. exf6 gxf6 25. Nf3 Nd7 26. Rd1 h6 27. cxb5 axb5 28. Nc3 b4 29. Na4 Ke8 30. Bc1 h5 31. Be3 c4 32. bxc4 Ra8 33. Rxd7 Rxa4 34. Rd2 e5 35. Rc2 Kd7 36. Kg2 Kc6 37. Nd2 f5 38. f3 Nf8 39. f4 e4 40. h3 Ne6 41. g4 hxg4 42. hxg4 fxg4 43. Nxe4 Ra3 44. Bc1 b3 45. axb3 Rxb3 46. Rc3 Rxc3 47. Nxc3 Kc5 48. f5 Kxc4 49. fxe6 1/2-1/2

[Event "22nd OIBM 2018"]
[Site "Gmund am Tegernsee"]
[Date "2018.11.04"]
[Round "9"]
[White "Babar, Michael"]
[Black "Carow, Johannes"]
[Result "1/2-1/2"]
[WhiteElo "2157"]
[BlackElo "2439"]
[Annotator "TA"]
[PlyCount "58"]
[EventDate "2018.10.27"]
[EventType "swiss"]
[EventCountry "GER"]
[SourceTitle "playchess.com"]
[Source "ChessBase"]
[SourceQuality "1"]

1. c4 c5 2. Nc3 g6 3. g3 Bg7 4. Bg2 Nc6 5. e3 Nh6 6. Nge2 Nf5 7. d3 d6 8. Rb1 O-O 9. a3 a5 10. O-O Rb8 11. Nb5 Qd7 12. b3 b6 13. Bb2 Bxb2 14. Rxb2 Ba6 15. Qd2 Rfd8 16. Nec3 Bxb5 17. cxb5 Na7 18. a4 e6 19. Bh3 Ng7 20. d4 Qe7 21. d5 e5 22. e4 Re8 23. Qe2 Nc8 24. Nb1 Qc7 25. Bxc8 Rbxc8 26. Nd2 f5 27. f3 Re7 28. Nc4 Rf8 29. Qd3 Qd8 1/2-1/2

[Event "22nd OIBM 2018"]
[Site "Gmund am Tegernsee"]
[Date "2018.11.04"]
[Round "9"]
[White "Reck, Moritz"]
[Black "Forchert, Martin"]
[Result "1/2-1/2"]
[WhiteElo "2136"]
[BlackElo "2363"]
[Annotator "NA"]
[PlyCount "126"]
[EventDate "2018.10.27"]
[EventType "swiss"]
[EventCountry "GER"]
[SourceTitle "playchess.com"]
[Source "ChessBase"]
[SourceQuality "1"]

1. e4 Nf6 2. e5 Nd5 3. d4 d6 4. Nf3 dxe5 5. Nxe5 c6 6. Be2 Nd7 7. Nf3 g6 8. c4 Nc7 9. Nc3 Bg7 10. Be3 O-O 11. O-O e5 12. d5 cxd5 13. cxd5 Nb6 14. Bxb6 axb6 15. Qb3 Na6 16. Rfd1 Nc5 17. Qb4 Bf5 18. d6 e4 19. Nd4 Bd7 20. Ndb5 Qg5 21. Nc7 Rad8 22. Qxb6 Na4 23. Nxa4 Bxa4 24. Rd5 Qf6 25. Rd2 Bc6 26. Rad1 Qg5 27. Nd5 Kh8 28. Ne3 Rd7 29. b4 Ba4 30. Rc1 f5 31. Rc5 Qf6 32. Qa7 Qa1+ 33. Nf1 Bb3 34. Rc7 Be6 35. Rxd7 Bxd7 36. Qxb7 e3 37. fxe3 Bh6 38. Rd1 Qxa2 39. Bf3 Qe6 40. Qb6 Bg7 41. b5 Qb3 42. Be2 Qe6 43. Qc5 f4 44. Qd5 Qe8 45. e4 g5 46. h3 Qd8 47. Nh2 Qb6+ 48. Kh1 Qf2 49. Bf3 h6 50. Qb7 Be6 51. d7 Rd8 52. Ng4 Qc5 53. Qc6 Qe7 54. e5 Rxd7 55. Qa8+ Bf8 56. Rxd7 Bxd7 57. Qa5 Bxg4 58. hxg4 Qxe5 59. Qd2 Bc5 60. Qd8+ Kg7 61. Qd7+ Kh8 62. Qd8+ Kg7 63. Qd7+ Kh8 1/2-1/2

[Event "22nd OIBM 2018"]
[Site "Gmund am Tegernsee"]
[Date "2018.11.04"]
[Round "9"]
[White "Van den Bersselaar, Jeroen"]
[Black "Bernabeu Lopez, Carlos Javier"]
[Result "1-0"]
[WhiteElo "2133"]
[BlackElo "2353"]
[Annotator "NA"]
[PlyCount "47"]
[EventDate "2018.10.27"]
[EventType "swiss"]
[EventCountry "GER"]
[SourceTitle "playchess.com"]
[Source "ChessBase"]
[SourceQuality "1"]

1. d4 Nf6 2. Nf3 g6 3. Nbd2 Bg7 4. e4 d6 5. Bd3 O-O 6. O-O Nc6 7. c3 a6 8. Re1 e5 9. dxe5 dxe5 10. Nc4 Qe7 11. b4 Rd8 12. Qe2 Bg4 13. Ne3 Bxf3 14. gxf3 Qd7 15. Bc4 Ne7 16. a4 Qh3 17. Ng2 Nh5 18. Bg5 Bf6 19. Bxf6 Nxf6 20. Qe3 Qd7 21. Qg5 Qd6 22. f4 Nd7 23. Rad1 Qf6 24. Rxd7 1-0

[Event "22nd OIBM 2018"]
[Site "Gmund am Tegernsee"]
[Date "2018.11.04"]
[Round "9"]
[White "Ditter, Juergen"]
[Black "Singer, Christoph"]
[Result "0-1"]
[WhiteElo "2131"]
[BlackElo "2344"]
[Annotator "NA"]
[PlyCount "72"]
[EventDate "2018.10.27"]
[EventType "swiss"]
[EventCountry "GER"]
[SourceTitle "playchess.com"]
[Source "ChessBase"]
[SourceQuality "1"]

1. e4 e5 2. Nf3 Nc6 3. Nc3 Nf6 4. d4 Bb4 5. Nxe5 Qe7 6. Nxc6 Qxe4+ 7. Qe2 dxc6 8. Bd2 Qxe2+ 9. Bxe2 Bf5 10. O-O-O O-O-O 11. Bg5 Rde8 12. Bd3 Bxd3 13. Rxd3 Bxc3 14. bxc3 Ne4 15. Bh4 Nd6 16. f3 Nc4 17. Bf2 Re2 18. Rf1 b6 19. Rdd1 Rhe8 20. Rde1 Kd7 21. Rxe2 Rxe2 22. Kd1 Rd2+ 23. Kc1 f5 24. g4 f4 25. h4 g6 26. Bg1 Rg2 27. Bf2 Kd6 28. Kd1 Kd5 29. Ke2 Rh2 30. Kd3 b5 31. Ke2 a5 32. Kd1 a4 33. Kc1 a3 34. Kd1 Nb2+ 35. Kc1 Na4 36. Be1 Kc4 0-1

[Event "22nd OIBM 2018"]
[Site "Gmund am Tegernsee"]
[Date "2018.11.04"]
[Round "9"]
[White "Thrish Karthik"]
[Black "Hess, Max"]
[Result "0-1"]
[WhiteElo "2116"]
[BlackElo "2326"]
[Annotator "NA"]
[PlyCount "98"]
[EventDate "2018.10.27"]
[EventType "swiss"]
[EventCountry "GER"]
[SourceTitle "playchess.com"]
[Source "ChessBase"]
[SourceQuality "1"]

1. e4 e5 2. Nf3 Nc6 3. Bb5 a6 4. Ba4 g6 5. O-O Bg7 6. c3 d6 7. d4 Bd7 8. dxe5 dxe5 9. Qe2 Nge7 10. Rd1 O-O 11. Bb3 Qe8 12. Nbd2 b5 13. a3 Na5 14. Ba2 c5 15. b4 Nb7 16. c4 a5 17. bxc5 Nxc5 18. Bb2 Nc6 19. cxb5 Nd4 20. Nxd4 exd4 21. Qc4 Rc8 22. a4 Nxe4 23. Nxe4 Rxc4 24. Nd6 Rc2 25. Nxe8 Rxe8 26. Rab1 Bg4 27. f3 Ree2 28. fxg4 Rxg2+ 29. Kf1 Rxh2 30. Bd5 Rxb2 31. b6 Be5 32. b7 Rhd2 33. Rxb2 Rxb2 34. Re1 Bd6 35. Re8+ Kg7 36. Rd8 Bg3 37. Rd7 Rf2+ 38. Kg1 Rf6 39. Rd8 Rb6 40. g5 h6 41. Kg2 Bf4 42. Rd7 hxg5 43. Rxf7+ Kh6 44. Kf3 d3 45. Rd7 d2 46. Bg8 Rxb7 47. Rd3 Rb1 48. Ke2 Re1+ 49. Kf2 d1=Q 0-1

[Event "22nd OIBM 2018"]
[Site "Gmund am Tegernsee"]
[Date "2018.11.04"]
[Round "9"]
[White "Astengo, Corrado"]
[Black "Schnepp, Gunnar"]
[Result "0-1"]
[WhiteElo "2114"]
[BlackElo "2320"]
[Annotator "NA"]
[PlyCount "46"]
[EventDate "2018.10.27"]
[EventType "swiss"]
[EventCountry "GER"]
[SourceTitle "playchess.com"]
[Source "ChessBase"]
[SourceQuality "1"]

1. e4 c5 2. Nf3 d6 3. d4 cxd4 4. Nxd4 Nf6 5. Nc3 a6 6. Bg5 Nbd7 7. f4 Qc7 8. Qf3 h6 9. Bxf6 Nxf6 10. O-O-O Bg4 11. Nd5 Qc8 12. Qb3 Nxd5 13. exd5 Bxd1 14. Kxd1 g6 15. Qa4+ b5 16. Qb3 Bg7 17. Nc6 Qg4+ 18. Be2 Qxf4 19. g3 Qa4 20. Qe3 O-O 21. Qxe7 Rae8 22. Qxd6 Rxe2 23. Kxe2 Qe4+ 0-1

[Event "22nd OIBM 2018"]
[Site "Gmund am Tegernsee"]
[Date "2018.11.04"]
[Round "9"]
[White "Rueberg, Jobst"]
[Black "Welling, Gerard"]
[Result "0-1"]
[WhiteElo "2101"]
[BlackElo "2297"]
[Annotator "NA"]
[PlyCount "78"]
[EventDate "2018.10.27"]
[EventType "swiss"]
[EventCountry "GER"]
[SourceTitle "playchess.com"]
[Source "ChessBase"]
[SourceQuality "1"]

1. e4 g6 2. d4 Bg7 3. Nf3 d6 4. h3 Nd7 5. Bd3 e5 6. c3 Ngf6 7. O-O O-O 8. Bg5 h6 9. Be3 Qe7 10. Re1 b6 11. c4 exd4 12. Bxd4 Ne5 13. Nc3 Nfd7 14. Nd5 Qd8 15. Be2 Bb7 16. Qd2 a5 17. Rad1 Kh7 18. Be3 Re8 19. Nd4 Nc5 20. f3 c6 21. Nc3 Qe7 22. Nb3 Rad8 23. Qc1 Ba6 24. Nxc5 dxc5 25. b3 g5 26. Na4 Qc7 27. Kf2 Ng6 28. g3 Bc8 29. Kg2 f5 30. Rxd8 Rxd8 31. Qc2 f4 32. Bf2 fxg3 33. Bxg3 Be5 34. Bxe5 Qxe5 35. Bf1 Nh4+ 36. Kh1 Qg3 37. Re3 Bxh3 38. e5+ Kg7 39. Bd3 Bg2+ 0-1

[Event "22nd OIBM 2018"]
[Site "Gmund am Tegernsee"]
[Date "2018.11.04"]
[Round "9"]
[White "Thiel, Fabian"]
[Black "Raupp, Thomas"]
[Result "1/2-1/2"]
[WhiteElo "2101"]
[BlackElo "2291"]
[Annotator "NA"]
[PlyCount "58"]
[EventDate "2018.10.27"]
[EventType "swiss"]
[EventCountry "GER"]
[SourceTitle "playchess.com"]
[Source "ChessBase"]
[SourceQuality "1"]

1. e4 c5 2. Nf3 e6 3. d4 cxd4 4. Nxd4 a6 5. Nc3 Qc7 6. Qf3 Nf6 7. Qg3 Qxg3 8. hxg3 d6 9. f3 h6 10. a4 b6 11. Be3 Bb7 12. g4 Rg8 13. g5 hxg5 14. Bxg5 Nbd7 15. Bc4 Be7 16. Bb3 Nc5 17. Ba2 Rc8 18. Be3 Nfd7 19. b4 Nb3 20. Bxb3 Rxc3 21. Kd2 Rc8 22. c3 Bf6 23. Ne2 Ke7 24. Rh5 g6 25. Rh7 Rh8 26. Rah1 Rxh7 27. Rxh7 Nf8 28. Rh1 Nd7 29. Rh7 Nf8 1/2-1/2

[Event "22nd OIBM 2018"]
[Site "Gmund am Tegernsee"]
[Date "2018.11.04"]
[Round "9"]
[White "Yakimenko, Alexander A."]
[Black "Markmann, Ulrich"]
[Result "1/2-1/2"]
[WhiteElo "2101"]
[BlackElo "2282"]
[Annotator "NA"]
[PlyCount "101"]
[EventDate "2018.10.27"]
[EventType "swiss"]
[EventCountry "GER"]
[SourceTitle "playchess.com"]
[Source "ChessBase"]
[SourceQuality "1"]

1. e4 c5 2. Nf3 e6 3. b3 a6 4. Bb2 d6 5. d4 cxd4 6. Nxd4 Nf6 7. Nd2 Qc7 8. Be2 b6 9. O-O Bb7 10. Re1 Nbd7 11. Bf1 Be7 12. c4 O-O 13. Rc1 Rac8 14. Qc2 Qb8 15. Qb1 Rfe8 16. h3 Bf8 17. a3 d5 18. exd5 exd5 19. cxd5 Rxe1 20. Rxe1 Nxd5 21. Qf5 N7f6 22. Nc4 b5 23. Ne5 Re8 24. Nec6 Qc8 25. Qxc8 Rxc8 26. Na5 Ba8 27. g3 Nd7 28. Bg2 Nc5 29. Rd1 b4 30. axb4 Nxb4 31. Bxa8 Rxa8 32. Ba3 Ne4 33. Nf5 g6 34. Ne3 Rb8 35. Rd7 Bc5 36. Kg2 Nxf2 37. Nd5 Nxd5 38. Bxc5 Nf6 39. Ra7 N2e4 40. Bd4 Rb4 41. Be5 Rb6 42. Ra8+ Kg7 43. Nc4 Re6 44. g4 g5 45. Bd4 Nd2 46. h4 Nxc4 47. bxc4 Re4 48. Bxf6+ Kxf6 49. Rxa6+ Kg7 50. Kf3 Rxc4 51. hxg5 1/2-1/2

[Event "22nd OIBM 2018"]
[Site "Gmund am Tegernsee"]
[Date "2018.11.04"]
[Round "9"]
[White "Lindam, Ingo"]
[Black "Zanan, Evgeny"]
[Result "0-1"]
[WhiteElo "2098"]
[BlackElo "2514"]
[Annotator "TA"]
[PlyCount "38"]
[EventDate "2018.10.27"]
[EventType "swiss"]
[EventCountry "GER"]
[SourceTitle "playchess.com"]
[Source "ChessBase"]
[SourceQuality "1"]

1. d4 Nf6 2. Bg5 Ne4 3. h4 c5 4. dxc5 Na6 5. Nd2 Naxc5 6. Nxe4 Nxe4 7. Qd5 h6 8. Bf4 Nf6 9. Qb3 e6 10. O-O-O a5 11. f3 a4 12. Qd3 a3 13. b3 Nd5 14. Qd4 Be7 15. Bd2 Bf6 16. Qf2 Qc7 17. c4 Qe5 18. Re1 Qa1+ 19. Kc2 Qxa2+ 0-1

[Event "22nd OIBM 2018"]
[Site "Gmund am Tegernsee"]
[Date "2018.11.04"]
[Round "9"]
[White "Schoenberger, Peter"]
[Black "Dobrikov, Marco"]
[Result "0-1"]
[WhiteElo "2081"]
[BlackElo "2231"]
[Annotator "NA"]
[PlyCount "54"]
[EventDate "2018.10.27"]
[EventType "swiss"]
[EventCountry "GER"]
[SourceTitle "playchess.com"]
[Source "ChessBase"]
[SourceQuality "1"]

1. e4 c5 2. c3 Nf6 3. e5 Nd5 4. Nf3 Nc6 5. d4 cxd4 6. cxd4 d6 7. Bd2 Bg4 8. Nc3 dxe5 9. dxe5 Ndb4 10. Qa4 Bxf3 11. gxf3 Nd3+ 12. Bxd3 Qxd3 13. Be3 e6 14. Rd1 Qf5 15. f4 Bb4 16. a3 Bxc3+ 17. bxc3 O-O 18. O-O Qg4+ 19. Kh1 Nxe5 20. f3 Nxf3 21. Qe4 Nh4 22. Qxb7 Rab8 23. Qe4 Rb2 24. Rd2 Rxd2 25. Bxd2 Qh3 26. Kg1 Rd8 27. Be3 f5 0-1

[Event "22nd OIBM 2018"]
[Site "Gmund am Tegernsee"]
[Date "2018.11.04"]
[Round "9"]
[White "Rassl, Bernhard"]
[Black "Sahin, Ozgun"]
[Result "1/2-1/2"]
[WhiteElo "2056"]
[BlackElo "2208"]
[Annotator "NA"]
[PlyCount "83"]
[EventDate "2018.10.27"]
[EventType "swiss"]
[EventCountry "GER"]
[SourceTitle "playchess.com"]
[Source "ChessBase"]
[SourceQuality "1"]

1. e4 c5 2. d3 Nc6 3. f4 d5 4. Nd2 dxe4 5. dxe4 e5 6. f5 g6 7. fxg6 hxg6 8. Ngf3 Bg4 9. Be2 Qc7 10. c3 O-O-O 11. Qc2 f5 12. Bd3 Qd7 13. Bb5 Bd6 14. Nc4 fxe4 15. Ng5 Be7 16. O-O Rh5 17. Nf7 Rf8 18. Bxc6 Qxc6 19. Qxe4 Qxe4 20. Nfd6+ Kc7 21. Nxe4 Rxf1+ 22. Kxf1 Rxh2 23. Nf2 Bf5 24. Nxe5 Bd6 25. Bf4 Rh4 26. g3 Rh7 27. g4 Bxg4 28. Nxg6 Bf5 29. Bxd6+ Kxd6 30. Rd1+ Kc6 31. Ne5+ Kb5 32. Rd6 Bb1 33. c4+ Ka5 34. Rd1 Bf5 35. Rd5 Rc7 36. Nfd3 b6 37. b4+ Ka4 38. bxc5 Ka3 39. cxb6 axb6 40. Rd8 Rc8 41. Rd6 Kxa2 42. Rxb6 1/2-1/2

[Event "22nd OIBM 2018"]
[Site "Gmund am Tegernsee"]
[Date "2018.11.04"]
[Round "9"]
[White "Czap, Bernard"]
[Black "Lederle, Vitus"]
[Result "1/2-1/2"]
[WhiteElo "2055"]
[BlackElo "2190"]
[Annotator "NA"]
[PlyCount "25"]
[EventDate "2018.10.27"]
[EventType "swiss"]
[EventCountry "GER"]
[SourceTitle "playchess.com"]
[Source "ChessBase"]
[SourceQuality "1"]

1. c4 b6 2. e4 Bb7 3. Nc3 e6 4. Nge2 Nf6 5. d3 Bc5 6. g3 e5 7. Bg2 Nc6 8. a3 a5 9. Rb1 O-O 10. O-O h6 11. Nd5 Nxd5 12. exd5 Nd4 13. b4 1/2-1/2

[Event "22nd OIBM 2018"]
[Site "Gmund am Tegernsee"]
[Date "2018.11.04"]
[Round "9"]
[White "Wuest, Klaus"]
[Black "Kraich, Klaus"]
[Result "0-1"]
[WhiteElo "2006"]
[BlackElo "2180"]
[Annotator "NA"]
[PlyCount "78"]
[EventDate "2018.10.27"]
[EventType "swiss"]
[EventCountry "GER"]
[SourceTitle "playchess.com"]
[Source "ChessBase"]
[SourceQuality "1"]

1. e4 c5 2. Nf3 e6 3. b3 a6 4. Bb2 b5 5. d4 cxd4 6. Nxd4 Bb7 7. Bd3 Qc7 8. O-O Nf6 9. Re1 Bb4 10. Nd2 Nc6 11. c3 Bc5 12. N2f3 Ng4 13. Rc1 e5 14. h3 exd4 15. cxd4 Bb4 16. hxg4 Qf4 17. d5 Ne7 18. Re2 O-O 19. Rec2 Ng6 20. Rc7 Bc8 21. Bb1 Bd6 22. R7c2 f6 23. Nd4 Qh2+ 24. Kf1 Qh1+ 25. Ke2 Qxg2 26. Rc3 Qxg4+ 27. Kf1 Qf4 28. Nf5 Be5 29. Rf3 Qh2 30. Bxe5 Qxe5 31. Rg3 Qf4 32. Rcc3 d6 33. Qh5 Rf7 34. Kg2 Bxf5 35. exf5 Ne5 36. Rce3 Rc8 37. Be4 b4 38. Bf3 Rc2 39. Re4 Qd2 0-1

[Event "22nd OIBM 2018"]
[Site "Gmund am Tegernsee"]
[Date "2018.11.04"]
[Round "9"]
[White "Arnhold, Steffi"]
[Black "Gueci, Tea"]
[Result "1/2-1/2"]
[WhiteElo "1955"]
[BlackElo "2166"]
[Annotator "NA"]
[PlyCount "55"]
[EventDate "2018.10.27"]
[EventType "swiss"]
[EventCountry "GER"]
[SourceTitle "playchess.com"]
[Source "ChessBase"]
[SourceQuality "1"]

1. e4 c5 2. Nf3 e6 3. d4 cxd4 4. Nxd4 Nf6 5. Nc3 d6 6. Bd3 Nc6 7. Nb3 Be7 8. O-O O-O 9. f4 e5 10. f5 Nb4 11. a3 Nxd3 12. Qxd3 Bd7 13. Bg5 Bc6 14. Rad1 Qb6+ 15. Kh1 Rfd8 16. Qe2 a5 17. Bxf6 Bxf6 18. Nd5 Bxd5 19. Rxd5 a4 20. Rb5 Qa6 21. Nc1 Rac8 22. c4 Bg5 23. Na2 Rc5 24. Nb4 Qa7 25. Qf2 Ra8 26. Rxc5 Qxc5 27. Qxc5 dxc5 28. Nd5 1/2-1/2

[Event "22nd OIBM 2018"]
[Site "Gmund am Tegernsee"]
[Date "2018.11.04"]
[Round "9"]
[White "Reuter, Roland"]
[Black "Wacker, Peter"]
[Result "1-0"]
[WhiteElo "1916"]
[BlackElo "2313"]
[Annotator "NA"]
[PlyCount "81"]
[EventDate "2018.10.27"]
[EventType "swiss"]
[EventCountry "GER"]
[SourceTitle "playchess.com"]
[Source "ChessBase"]
[SourceQuality "1"]

1. e4 e5 2. f4 exf4 3. Nf3 g5 4. Bc4 Bg7 5. h3 h6 6. d4 Ne7 7. Nc3 d6 8. Qe2 Nbc6 9. d5 Ne5 10. Bd2 N7g6 11. O-O-O Nxf3 12. gxf3 a6 13. Bb3 Bd7 14. Be1 Qe7 15. Qc4 O-O-O 16. Bf2 Kb8 17. Qb4 Bc8 18. Bc4 b6 19. Ne2 Bb7 20. Bd4 Be5 21. a4 Qd7 22. Rd3 Ne7 23. Rb3 Nc8 24. Qc3 f5 25. Qd3 fxe4 26. fxe4 f3 27. Bxe5 dxe5 28. Nc3 h5 29. Qxf3 Nd6 30. Be2 g4 31. Qg3 Nxe4 32. Nxe4 Qxa4 33. Nc3 Qa1+ 34. Nb1 Bxd5 35. Ra3 Qxa3 36. Nxa3 Bxh1 37. Nc4 e4 38. hxg4 h4 39. Qe3 h3 40. Nxb6 Bf3 41. Bxa6 1-0

[Event "22nd OIBM 2018"]
[Site "Gmund am Tegernsee"]
[Date "2018.11.04"]
[Round "9"]
[White "Maruntis, Patrik-Robert"]
[Black "Weber, Ulrich"]
[Result "0-1"]
[WhiteElo "1680"]
[BlackElo "2347"]
[Annotator "NA"]
[PlyCount "114"]
[EventDate "2018.10.27"]
[EventType "swiss"]
[EventCountry "GER"]
[SourceTitle "playchess.com"]
[Source "ChessBase"]
[SourceQuality "1"]

1. Nf3 Nf6 2. c4 g6 3. g3 Bg7 4. Bg2 O-O 5. O-O c6 6. Nc3 d5 7. cxd5 cxd5 8. d4 e6 9. Ne5 Nfd7 10. f4 Nc6 11. e3 Re8 12. Bd2 Nb6 13. Na4 Nxa4 14. Qxa4 Bd7 15. Nxd7 Qxd7 16. Rfc1 Rec8 17. Bf1 a6 18. b4 Bf8 19. Qb3 Na7 20. a4 Rxc1 21. Rxc1 Rc8 22. b5 Rxc1 23. Bxc1 axb5 24. axb5 Nc8 25. Ba3 Bxa3 26. Qxa3 b6 27. Qa8 Kf8 28. Kf2 Qc7 29. Qa3+ Kg7 30. Bd3 Nd6 31. Ke2 h6 32. Qa8 Qc3 33. Qc6 Qxc6 34. bxc6 Kf8 35. c7 Ke7 36. Bb5 Nc8 37. g4 g5 38. Kf3 f6 39. e4 dxe4+ 40. Kxe4 Kd6 41. f5 Kxc7 42. Bd3 Nd6+ 43. Ke3 exf5 44. gxf5 Kc6 45. Be2 Nxf5+ 46. Ke4 Ne7 47. Bc4 Kd6 48. Bf7 f5+ 49. Kd3 Nd5 50. Bg8 Nf6 51. Bf7 Ng4 52. Bg6 Ke6 53. Ke2 Nxh2 54. d5+ Kxd5 55. Bxf5 Ke5 56. Bh7 Kf4 57. Kf2 Ng4+ 0-1